Về cách mạng xã hội chủ nghĩa và xây dựng chủ nghĩa xã hội
Tập hợp các bài viế, nói, trích đoạn bài viết của Hồ Chí Minh về kháng chiến chông thực dân, về cách mạng XHCN và xây dựng CNXH theo thứ tự thời gian từ 1921-1969
Saved in:
| Main Author: | |
|---|---|
| Format: | Book |
| Language: | Vietnamese |
| Published: |
H.
Sự thật
1976
|
| Subjects: | |
| Tags: |
Add Tag
No Tags, Be the first to tag this record!
|
| Institutions: | Mạng thư viện Đại học Đà Nẵng |
|---|
| LEADER | 01345nam a22003498a 4500 | ||
|---|---|---|---|
| 001 | 000007494 | ||
| 003 | 3656 | ||
| 005 | 20111005071007.0 | ||
| 008 | 111005s1976 b 000 0 vieod | ||
| 020 | |c 10000đ |d 22200b | ||
| 041 | 0 | |a vie | |
| 082 | |a 335.4346 |b HÔ-M | ||
| 084 | |a A | ||
| 100 | 1 | |a Hồ Chí Minh | |
| 245 | 1 | 0 | |a Về cách mạng xã hội chủ nghĩa và xây dựng chủ nghĩa xã hội |c Hồ Chí Minh |
| 260 | |a H. |b Sự thật |c 1976 | ||
| 300 | |a 231 tr |c 19cm | ||
| 520 | |a Tập hợp các bài viế, nói, trích đoạn bài viết của Hồ Chí Minh về kháng chiến chông thực dân, về cách mạng XHCN và xây dựng CNXH theo thứ tự thời gian từ 1921-1969 | ||
| 653 | |a chủ nghĩa xã hội | ||
| 653 | |a cách mạng xã hội chủ nghĩa | ||
| 653 | |a việt nam | ||
| 910 | |a Nguyễn Thị Kim Oanh |d 05/10/2011 | ||
| OWN | |a LSP | ||
| AVA | |a UDN50 |b LSP |d 335.4346 HÔ-M |e unavailable |t Error 5002 Not defined in file expand_doc_bib_avail. |f 1 |g 1 |h N |i 0 |k 1 | ||
| 999 | |a From the UDN01 | ||
| AVA | |a UDN50 |b LSP |d 335.4346 HÔ-M |e unavailable |t Error 5002 Not defined in file expand_doc_bib_avail. |f 1 |g 1 |h N |i 0 |k 1 | ||
| TYP | |a Monograph | ||
| TYP | |a Printed language | ||
| 980 | |a Mạng thư viện Đại học Đà Nẵng | ||